000
00257nam a2200109Ia 4500
008
200302s9999 xx 000 0 und d
100
_a
Marco Hemmerling
245
_a
Digital Design Manual
260
_b
DOM Publishers Germany
260
_c
2011
300
_a
255
999
_c
4646
_d
4646